00808nam a2200241Ia 45000010006000000050017000060070003000230080041000260200007000670400025000740410008000990820015001071000020001222450129001422500010002712600056002813000033003376530018003707000020003889420012004089520129004209990017005494427820240114003623.0ta090225s1987 a g b000 u 465 u cHB aCotton College,Assam a465 a330.9bECO aCoates, David . 0aThe Economic Revival of Modern Britain: The Debate Between Left and Right /cDavid Coates & John Hillard.hTextual Documents a1st / aEngland :bEdward Elgar Publishing Limited ,c1987. aix,349p. :bill. ;c23 cm. . aT/G-Economics aHillard, John . 2ddccBK 001040708Circulation (T/G)aSKBLbSKBLd2012-02-01f00000l0o330.9 ECOp1242(95)r2024-01-14 00:00:00t1w2012-02-01yBK c44244d44244